Statistics for NBA Quiz - The top 10 Point leaders each year (2010-2021)

Click here to take the quiz!

General Stats

  • This quiz has been taken 135 times
  • The average score is 97 of 120

Answer Stats

YardsAnswer% Correct
1683 | 1698 | 1743 | +7 othersLeBron James
100%
1786 | 1873 | 1881 | +4 othersStephen Curry
97%
1851 | 2023 | 2191 | +5 othersJames Harden
96%
1558 | 1878 | 1886 | +3 othersRussell Westbrook
96%
1792 | 1850 | 2027 | +5 othersKevin Durant
95%
1717 | 1857 | 1994 | 2014Giannis Antetokounmpo
91%
1759 | 1830Luka Doncic
90%
1898Nikola Jokic
89%
1668 | 1771Klay Thompson
88%
1616 | 1970 | 2078 | 2133Kobe Bryant
88%
1618 | 1656 | 2099 | 2110Anthony Davis
87%
1564Chris Paul
86%
1562 | 1720 | 1879 | +5 othersDamian Lillard
86%
1941 | 2045Dwyane Wade
86%
1245 | 1920 | 1943 | +2 othersCarmelo Anthony
84%
1342 | 1735 | 2027Dirk Nowitzki
84%
1737 | 1874 | 2159Paul George
84%
1628Kyrie Irving
83%
1791 | 1830 | 1840 | 2020DeMar DeRozan
80%
2026Derrick Rose
79%
1712 | 1863Devin Booker
79%
1741 | 1857 | 1878 | 2099Bradley Beal
75%
1692Jayson Tatum
75%
1778Trae Young
75%
1368 | 1841 | 1845 | 1930Blake Griffin
72%
1432 | 2010Kevin Love
70%
1678Chris Bosh
66%
1942DeMarcus Cousins
65%
1880 | 2061Karl-Anthony Towns
64%
1655Donovan Mitchell
63%
1823 | 2199Isaiah Thomas
62%
1782Lou Williams
60%
2102Kemba Walker
55%
1560 | 1661LaMarcus Aldridge
54%
1647Zion Williamson
49%
1712Julius Randle
45%
1896 | 1971Amar'e Stoudemire
41%
1239Josh Smith
36%
1667Stephen Jackson
30%
1681Zach Randolph
29%
1577 | 1929Monta Ellis
28%
1260Brandon Jennings
15%
1876Kevin Martin
9%

Score Distribution

Percentile by Number Answered

Percent of People with Each Score

Your Score History

You have not taken this quiz